[Event "19th Hoogeveen op"]
[Site "Hoogeveen NED"]
[Date "2015.10.22"]
[Round "7.6"]
[White "Das, Arghyadip"]
[Black "Gopal, Geetha Narayanan"]
[Result "1-0"]
[WhiteElo "2467"]
[BlackElo "2536"]
[EventDate "2015.10.17"]
[PlyCount "49"]

1.e4 c5 2.Nf3 e6 3.d4 cxd4 4.Nxd4 Nc6 5.Nc3 Qc7 6.Be3 a6 7.Qf3 Bd6 8.O-O-O
Be5 9.Nde2 Nge7 10.Qh5 O-O 11.f4 g6 12.Qf3 Bg7 13.h4 d5 14.h5 Rd8 15.e5 b5
16.hxg6 hxg6 17.Qf2 Rb8 18.Bc5 b4 19.Na4 d4 20.Ng3 Bb7 21.Bd3 Nxe5 22.fxe5
Bc6 23.Rdf1 Nc8 24.Ne4 Bxa4 25.Nf6+ 1-0

[Event "19th Hoogeveen op"]
[Site "Hoogeveen NED"]
[Date "2015.10.22"]
[Round "7.7"]
[White "Ankit, R Rajpara"]
[Black "Halkias, Stelios"]
[Result "1/2-1/2"]
[WhiteElo "2467"]
[BlackElo "2534"]
[EventDate "2015.10.17"]
[PlyCount "29"]

1.e4 c5 2.Nf3 e6 3.g3 Nc6 4.Bg2 Nf6 5.Qe2 d6 6.O-O Be7 7.c3 e5 8.h3 O-O 9.
Rd1 Re8 10.d4 exd4 11.cxd4 d5 12.exd5 Nxd4 13.Nxd4 cxd4 14.Qc4 Qb6 15.Nd2 
1/2-1/2

[Event "19th Hoogeveen op"]
[Site "Hoogeveen NED"]
[Date "2015.10.22"]
[Round "7.8"]
[White "Neelotpal, Das"]
[Black "Shabalov, Alexander"]
[Result "1-0"]
[WhiteElo "2465"]
[BlackElo "2522"]
[EventDate "2015.10.17"]
[PlyCount "63"]

1.e4 c5 2.Nf3 Nc6 3.d4 cxd4 4.Nxd4 Nf6 5.Nc3 d6 6.Bg5 e6 7.Qd2 a6 8.O-O-O 
Bd7 9.f3 h6 10.Be3 Qc7 11.Kb1 Be7 12.g4 Ne5 13.h4 b5 14.Bd3 Qb7 15.g5 Nh5 
16.f4 Nc4 17.Bxc4 bxc4 18.Qf2 g6 19.f5 Rb8 20.b3 cxb3 21.cxb3 Rc8 22.fxe6 
fxe6 23.Nde2 Bc6 24.Qf3 Rf8 25.Qg4 hxg5 26.Qxe6 Nf6 27.Nd5 gxh4 28.Nxe7 
Bxe4+ 29.Ka1 Qxe7 30.Qxc8+ Kf7 31.Qc4+ d5 32.Qd4 1-0

[Event "19th Hoogeveen op"]
[Site "Hoogeveen NED"]
[Date "2015.10.22"]
[Round "7.9"]
[White "Schroeder, Jan Christian"]
[Black "De Jong, Migchiel"]
[Result "1/2-1/2"]
[WhiteElo "2519"]
[BlackElo "2328"]
[EventDate "2015.10.17"]
[PlyCount "35"]

1.e4 e6 2.d4 d5 3.Nd2 c5 4.Ngf3 cxd4 5.Nxd4 Nf6 6.exd5 Qxd5 7.Nb5 Na6 8.
Nc3 Qd6 9.Be2 Be7 10.O-O O-O 11.Bf3 Nb4 12.a3 Nc6 13.Nb3 Ne5 14.Be2 Qc7 
15.Bf4 Nf3+ 16.Bxf3 Qxf4 17.Qe2 Qc7 18.Rfd1 1/2-1/2

[Event "19th Hoogeveen op"]
[Site "Hoogeveen NED"]
[Date "2015.10.22"]
[Round "7.10"]
[White "Stocek, Jiri"]
[Black "Van Foreest, Lucas"]
[Result "1-0"]
[WhiteElo "2566"]
[BlackElo "2296"]
[EventDate "2015.10.17"]
[PlyCount "51"]

1.d4 Nf6 2.Nf3 e6 3.Bf4 d5 4.e3 c5 5.Nc3 Be7 6.Nb5 Na6 7.h4 Ne4 8.c3 Bd7 
9.Ng5 Nxg5 10.hxg5 Qb6 11.a4 c4 12.b3 cxb3 13.Bd3 Rc8 14.Kf1 Kf8 15.Qxb3 
Qa5 16.Qb1 Nb8 17.g6 fxg6 18.Bxg6 Bxb5+ 19.axb5 Qxc3 20.Rxh7 Rxh7 21.Bxh7 
a5 22.bxa6 Nxa6 23.g3 Nb4 24.Bg6 b5 25.Kg2 Qc2 26.Qh1 1-0

[Event "19th Hoogeveen op"]
[Site "Hoogeveen NED"]
[Date "2015.10.22"]
[Round "7.11"]
[White "Bogner, Sebastian"]
[Black "Schoppen, Casper"]
[Result "1/2-1/2"]
[WhiteElo "2557"]
[BlackElo "2220"]
[EventDate "2015.10.17"]
[PlyCount "107"]

1.Nf3 Nf6 2.c4 g6 3.d4 Bg7 4.Bf4 O-O 5.Nc3 d6 6.h3 c5 7.d5 Qb6 8.Qc2 e6 9.
e4 exd5 10.cxd5 Re8 11.Nd2 Na6 12.Be2 Qd8 13.O-O Re7 14.Nc4 Ne8 15.Rad1 
Nac7 16.a4 b6 17.e5 Bf5 18.Qc1 dxe5 19.d6 exf4 20.dxc7 Qxc7 21.Nd5 Qd8 22.
Nxe7+ Qxe7 23.Bf3 Rc8 24.Qxf4 Bd4 25.Bg4 Bxg4 26.Qxg4 f5 27.Qf4 Qe6 28.b3 
Nf6 29.Qd6 Qxd6 30.Nxd6 Rd8 31.Nb5 Ne4 32.Nxd4 cxd4 33.f3 Nc5 34.Rb1 Kf7 
35.Rfd1 Ke6 36.Kf2 Ke5 37.Re1+ Kf6 38.Ke2 h5 39.h4 Rd7 40.Kd2 Rd8 41.Rb2 
Rg8 42.Ra1 g5 43.hxg5+ Rxg5 44.Rg1 Ke5 45.g3 Kd5 46.Rbb1 Rg7 47.Kc2 Rc7 
48.Kd2 Rg7 49.Kc2 Rc7 50.Kd1 Re7 51.Rh1 Re3 52.Rxh5 Rxf3 53.g4 Ne4 54.Rc1 
1/2-1/2

[Event "19th Hoogeveen op"]
[Site "Hoogeveen NED"]
[Date "2015.10.22"]
[Round "7.12"]
[White "Pruijssers, Roeland"]
[Black "Jeitz, Christian"]
[Result "1-0"]
[WhiteElo "2501"]
[BlackElo "2198"]
[EventDate "2015.10.17"]
[PlyCount "103"]

1.e4 c5 2.Nf3 Nc6 3.Bb5 g6 4.Bxc6 dxc6 5.d3 Bg7 6.h3 e5 7.Be3 Qe7 8.Qd2 
Nf6 9.Nc3 Nd7 10.Bh6 Bxh6 11.Qxh6 f6 12.O-O-O Nf8 13.Nd2 Be6 14.f4 exf4 
15.Qxf4 O-O-O 16.Rhf1 Nd7 17.Rf2 Rhf8 18.Rdf1 Rde8 19.g4 Qd8 20.Nd1 Qc7 
21.Qh6 Rf7 22.a3 Ref8 23.Ne3 Ne5 24.Nf3 Nxf3 25.Rxf3 Qe5 26.Qf4 Qxf4 27.
Rxf4 Kd7 28.b4 Kd6 29.c3 b5 30.d4 cxd4 31.cxd4 Ke7 32.Kd2 a5 33.Rc1 axb4 
34.axb4 Kd6 35.Ra1 Kc7 36.Kc3 Kb6 37.Raf1 Kc7 38.R4f2 Kb6 39.Kb2 Kb7 40.
Kc2 Kb6 41.Kc3 Kc7 42.Rf4 Kb6 43.d5 cxd5 44.Nxd5+ Bxd5 45.exd5 Rc8+ 46.Kd3
f5 47.gxf5 Rxf5 48.Rxf5 gxf5 49.Rxf5 Rc4 50.d6 Rxb4 51.Rd5 Rb1 52.Kc2 1-0

[Event "19th Hoogeveen op"]
[Site "Hoogeveen NED"]
[Date "2015.10.22"]
[Round "7.13"]
[White "Beerdsen, Thomas"]
[Black "Kevlishvili, Robby"]
[Result "1-0"]
[WhiteElo "2313"]
[BlackElo "2361"]
[EventDate "2015.10.17"]
[PlyCount "81"]

1.e4 c5 2.Nf3 d6 3.d4 cxd4 4.Nxd4 Nf6 5.Nc3 a6 6.Be3 e5 7.Nb3 Be6 8.Be2 
Be7 9.O-O O-O 10.f4 exf4 11.Bxf4 Nc6 12.Qe1 Ne5 13.Rd1 Qc7 14.Qg3 Rfc8 15.
Nd4 Qb6 16.Kh1 Ng6 17.Nxe6 fxe6 18.Bxd6 Bxd6 19.Qxd6 Rc6 20.Qa3 Ne5 21.h3 
Rac8 22.Qb3 Qc7 23.a4 Rb6 24.Qa3 h5 25.Qa1 Ng6 26.e5 Qxe5 27.Bf3 Nh4 28.
Qc1 Nf5 29.Rfe1 Qc7 30.Ne2 Rb4 31.Rd3 Rc4 32.Rc3 Rxc3 33.Nxc3 Nd4 34.Qe3 
Rd8 35.Bd1 Rd6 36.Qf4 Qd7 37.Kh2 Nf5 38.Be2 Rd4 39.Qb8+ Kh7 40.Bd3 Ne8 41.
Bxf5+ 1-0

[Event "19th Hoogeveen op"]
[Site "Hoogeveen NED"]
[Date "2015.10.22"]
[Round "7.14"]
[White "Den Hartog, Marijn"]
[Black "Baskin, Robert"]
[Result "0-1"]
[WhiteElo "2158"]
[BlackElo "2338"]
[EventDate "2015.10.17"]
[PlyCount "80"]

1.e4 c5 2.Nf3 e6 3.d4 cxd4 4.Nxd4 Nc6 5.Nc3 Qc7 6.Be3 a6 7.Qf3 d6 8.O-O-O 
Bd7 9.g4 b5 10.Qg3 b4 11.Nb1 Rc8 12.Nxc6 Bxc6 13.Bd3 Nf6 14.f3 Qa5 15.Bd2 
d5 16.e5 Nd7 17.a3 Bb5 18.Bxb5 Qxb5 19.Bxb4 Bxb4 20.axb4 Qxb4 21.f4 O-O 
22.Rhf1 Rc6 23.Qa3 Rfc8 24.c3 Qb5 25.Nd2 Nc5 26.Nf3 Rb6 27.Nd4 Qc4 28.Rf3 
Rcb8 29.Rd2 Nb3+ 30.Nxb3 Rxb3 31.Qa5 Qe4 32.Rf1 Qe3 33.Kd1 h5 34.Rff2 Qe4 
35.Rc2 Qh1+ 36.Kd2 Rxb2 37.Qxa6 Rxc2+ 38.Kxc2 Qb1+ 39.Kd2 Rb2+ 40.Ke3 Qe4#
0-1

[Event "19th Hoogeveen op"]
[Site "Hoogeveen NED"]
[Date "2015.10.22"]
[Round "7.15"]
[White "Rudolf, Anna"]
[Black "Bluhm, Sonja Maria"]
[Result "1-0"]
[WhiteElo "2329"]
[BlackElo "2128"]
[EventDate "2015.10.17"]
[PlyCount "65"]

1.g3 Nf6 2.Bg2 g6 3.d4 Bg7 4.e4 d6 5.Ne2 O-O 6.O-O c5 7.c3 cxd4 8.cxd4 Nc6
9.h3 Bd7 10.Be3 Rc8 11.Nbc3 a6 12.f4 b5 13.e5 Ne8 14.b3 dxe5 15.dxe5 Nc7 
16.Bb6 Qe8 17.Ne4 Na8 18.Be3 Nb4 19.Bc5 a5 20.a3 Na6 21.Be3 Bc6 22.Rc1 Bh8
23.Qd4 Qd7 24.Qxd7 Bxd7 25.Nc5 Nxc5 26.Bxc5 Rfe8 27.Rfd1 Rc7 28.Rxd7 Rxd7 
29.Bc6 Rdd8 30.Bxe8 Rxe8 31.Bxe7 Nb6 32.Rd1 Bxe5 33.Rd8 1-0

[Event "19th Hoogeveen op"]
[Site "Hoogeveen NED"]
[Date "2015.10.22"]
[Round "7.16"]
[White "Maris, Ivo"]
[Black "Sadallah, Osama"]
[Result "1-0"]
[WhiteElo "2319"]
[BlackElo "2067"]
[EventDate "2015.10.17"]
[PlyCount "155"]

1.d4 Nf6 2.Nf3 g6 3.g3 Bg7 4.Bg2 d6 5.c4 O-O 6.Nc3 c6 7.O-O Qa5 8.e4 Bg4 
9.h3 Bxf3 10.Bxf3 Nbd7 11.Qe2 e5 12.d5 Rac8 13.Rd1 c5 14.Kg2 a6 15.Bd2 Rb8
16.a4 Qd8 17.h4 h6 18.h5 g5 19.Rf1 Re8 20.a5 Nf8 21.Nd1 N8h7 22.Ne3 Bf8 
23.Rfb1 Qc8 24.Nf5 Nd7 25.Bg4 Nhf6 26.Bh3 Qc7 27.Qf3 b5 28.axb6 Qxb6 29.
Ra3 Ra8 30.Bc3 Ra7 31.Rba1 Rea8 32.Qe2 Re8 33.Kh2 Qb7 34.Rg1 Nh7 35.f4 f6 
36.fxg5 Nxg5 37.Nh4 Nxh3 38.Kxh3 Nb6 39.Nf5 Qf7 40.Kg2 Kh7 41.Rh1 Rd8 42.
Rh4 Nc8 43.Rg4 Ne7 44.Qf3 Nxf5 45.Qxf5+ Kh8 46.Rb3 Bg7 47.Rb6 Qd7 48.Qxd7 
Rdxd7 49.Rh4 Bf8 50.Rb8 Rf7 51.Rh1 Rab7 52.Rxb7 Rxb7 53.Ra1 Ra7 54.Kf3 Kg7
55.Kg4 Kf7 56.Kf5 Ra8 57.Bd2 Be7 58.Kg4 Bf8 59.Kf3 Ra7 60.Ke2 Rb7 61.Bc3 
Ra7 62.Kd3 Ke8 63.Bd2 Rg7 64.Rg1 Rg4 65.b3 Kd7 66.Ke3 Kc7 67.Kf3 Rg8 68.
Rh1 Kb7 69.Rb1 Bg7 70.b4 Ka7 71.bxc5 dxc5 72.Ba5 Rb8 73.Rxb8 Kxb8 74.Kg4 
Bf8 75.Kf5 Bd6 76.Ke6 Bc7 77.Bxc7+ Kxc7 78.Ke7 1-0

[Event "19th Hoogeveen op"]
[Site "Hoogeveen NED"]
[Date "2015.10.22"]
[Round "7.17"]
[White "Valdes Romero, Leonardo"]
[Black "Hulshof, Peter"]
[Result "1/2-1/2"]
[WhiteElo "2362"]
[BlackElo "2175"]
[EventDate "2015.10.17"]
[PlyCount "72"]

1.Nf3 g6 2.g3 Bg7 3.Bg2 e5 4.d3 d6 5.c4 f5 6.Nc3 Nf6 7.O-O O-O 8.Rb1 a5 9.
a3 Nh5 10.Bd2 f4 11.b4 axb4 12.axb4 Bg4 13.Qb3 Nc6 14.e3 Kh8 15.Nd5 Qd7 
16.Bc3 Bh3 17.b5 Nd8 18.Rb2 Bxg2 19.Kxg2 Ne6 20.Qc2 Nc5 21.Re1 Rae8 22.e4 
c6 23.bxc6 bxc6 24.Nb4 Re7 25.Ng1 g5 26.f3 g4 27.Qe2 Ref7 28.fxg4 f3+ 29.
Nxf3 Rxf3 30.gxh5 Rf2+ 31.Qxf2 Rxf2+ 32.Kxf2 Qf7+ 33.Kg2 Qxh5 34.Nxc6 Bh6 
35.Rb8+ Kg7 36.Ne7 Qd1 1/2-1/2

[Event "19th Hoogeveen op"]
[Site "Hoogeveen NED"]
[Date "2015.10.22"]
[Round "7.18"]
[White "Lewin, Tammo"]
[Black "Dijkhuis, Tycho"]
[Result "0-1"]
[WhiteElo "2021"]
[BlackElo "2355"]
[EventDate "2015.10.17"]
[PlyCount "56"]

1.d4 Nf6 2.c4 g6 3.Nc3 Bg7 4.e4 d6 5.f3 O-O 6.Be3 c5 7.d5 e6 8.Bd3 exd5 9.
cxd5 Nbd7 10.Nge2 Ne5 11.Qd2 a6 12.a4 Nh5 13.O-O-O b5 14.f4 Nxd3+ 15.Qxd3 
Bd7 16.e5 Qa5 17.h3 Bf5 18.Qd2 b4 19.g4 dxe5 20.gxf5 exf4 21.Bf2 f3 22.Qc2
fxe2 23.Nxe2 Rab8 24.b3 c4 25.Kb1 Rbc8 26.Rd2 Nf6 27.bxc4 b3 28.Qd3 Ne4 
0-1

[Event "19th Hoogeveen op"]
[Site "Hoogeveen NED"]
[Date "2015.10.22"]
[Round "7.19"]
[White "Van Kooten, Luuk"]
[Black "Mellema, Andries"]
[Result "1-0"]
[WhiteElo "2350"]
[BlackElo "2162"]
[EventDate "2015.10.17"]
[PlyCount "115"]

1.d4 e6 2.c4 Nf6 3.Nc3 Bb4 4.e3 b6 5.Ne2 Bb7 6.a3 Be7 7.d5 exd5 8.cxd5 O-O
9.Ng3 Re8 10.Be2 Bf8 11.O-O a5 12.e4 Na6 13.f4 d6 14.Bb5 Nd7 15.Rb1 Nab8 
16.b4 axb4 17.axb4 Ba6 18.Bxa6 Nxa6 19.Be3 g6 20.Bd4 Bg7 21.Bxg7 Kxg7 22.
Qg4 Kh8 23.Nb5 Qe7 24.Rfe1 Nf6 25.Qf3 Qd7 26.Nd4 Qg4 27.Qf2 Kg8 28.h3 Qh4 
29.Qf3 Nb8 30.Nb5 Na6 31.Re3 Nh5 32.Nxh5 Qxh5 33.Qxh5 gxh5 34.Kf2 Kf8 35.
Kf3 Rac8 36.Ra3 Nb8 37.Rc1 f5 38.exf5 Re7 39.Nxd6 Rd8 40.f6 Red7 41.Ne4 
Rxd5 42.Rxc7 Nd7 43.Ng5 Rd6 44.Re3 Ra8 45.Nxh7+ Kg8 46.Re7 Nxf6 47.Rg7+ 
Kh8 48.Nxf6 Rxf6 49.Rh7+ Kg8 50.Rcg7+ Kf8 51.Ra7 Rxa7 52.Rxa7 Kg8 53.Rb7 
Rc6 54.b5 Rc3+ 55.Kf2 Rc2+ 56.Kg3 h4+ 57.Kxh4 Rxg2 58.Rxb6 1-0

[Event "19th Hoogeveen op"]
[Site "Hoogeveen NED"]
[Date "2015.10.22"]
[Round "7.20"]
[White "Clemens, Adrian HP"]
[Black "Lecomte, Robin"]
[Result "1/2-1/2"]
[WhiteElo "2175"]
[BlackElo "2317"]
[EventDate "2015.10.17"]
[PlyCount "77"]

1.d4 f5 2.g3 Nf6 3.Bg2 g6 4.Nf3 Bg7 5.O-O O-O 6.b3 d6 7.Bb2 c6 8.Nbd2 Qc7 
9.c4 a5 10.Qc2 Na6 11.a3 Re8 12.e4 fxe4 13.Nxe4 Nxe4 14.Qxe4 Bf5 15.Qe3 
Qb6 16.Rfe1 Rad8 17.Rac1 e5 18.c5 Qc7 19.cxd6 Rxd6 20.Nxe5 Bxe5 21.dxe5 
Rd3 22.Qg5 Be6 23.Bc3 Qb6 24.Red1 Rxd1+ 25.Rxd1 Qxb3 26.Rd8 Nc7 27.Qe7 
Qd1+ 28.Rxd1 Rxe7 29.Bxa5 Nd5 30.Bb4 Re8 31.Bd6 Nc3 32.Rd3 Nb5 33.Bb4 Bf5 
34.Re3 Nd4 35.Bd6 Nb5 36.Bb4 Nd4 37.Bd6 Nb5 38.Bb4 Nd4 39.Bd6 1/2-1/2

[Event "19th Hoogeveen op"]
[Site "Hoogeveen NED"]
[Date "2015.10.22"]
[Round "7.21"]
[White "Van Osch, Mees"]
[Black "Rosmuller, Anton J"]
[Result "1-0"]
[WhiteElo "2285"]
[BlackElo "2137"]
[EventDate "2015.10.17"]
[PlyCount "47"]

1.e4 e6 2.d4 d5 3.Nc3 Bb4 4.e5 f6 5.Nf3 c5 6.a3 Bxc3+ 7.bxc3 Bd7 8.Be2 Nc6
9.O-O Qc7 10.Re1 O-O-O 11.Rb1 Nge7 12.c4 fxe5 13.dxe5 d4 14.Bd3 Rdf8 15.
Qe2 Be8 16.Ng5 Bf7 17.Nxh7 Rxh7 18.Bxh7 g6 19.Rb3 Nf5 20.Rh3 Be8 21.Qe4 
Na5 22.g4 Qg7 23.gxf5 gxf5+ 24.Qg2 1-0

[Event "19th Hoogeveen op"]
[Site "Hoogeveen NED"]
[Date "2015.10.22"]
[Round "7.22"]
[White "Majhi, Ankit"]
[Black "Zepeda, Lorena"]
[Result "0-1"]
[WhiteElo "2233"]
[BlackElo "2106"]
[EventDate "2015.10.17"]
[PlyCount "108"]

1.e4 c5 2.Nf3 d6 3.d4 cxd4 4.Nxd4 Nf6 5.Nc3 a6 6.Be3 e5 7.Nb3 Be6 8.f3 Be7
9.Qd2 O-O 10.O-O-O Nbd7 11.g4 b5 12.Rg1 Nb6 13.g5 Nh5 14.Na5 Rc8 15.Kb1 b4
16.Nd5 Nxd5 17.exd5 Qxa5 18.dxe6 g6 19.exf7+ Kxf7 20.f4 Nxf4 21.Bxf4 exf4 
22.Bh3 Rc5 23.Qxf4+ Kg7 24.Qd4+ Re5 25.Qa7 Qc5 26.Qxa6 Rf2 27.Qa4 Bxg5 28.
Rgf1 Ree2 29.Rxf2 Rxf2 30.Be6 Rd2 31.Rh1 Qd4 32.a3 Qe4 33.Qd7+ Kh6 34.Rc1 
Re2 35.Bg4 Rg2 36.Bd1 Bxc1 37.Qh3+ Kg7 38.Qd7+ Kh6 39.Qh3+ Kg7 40.Qd7+ Kg8
41.Qd8+ Kf7 42.Qc7+ Qe7 43.Qc4+ Kg7 44.Kxc1 Qe3+ 45.Kb1 Rd2 46.Bg4 bxa3 
47.bxa3 Qxa3 48.Qc7+ Kh6 49.Qe7 Rxh2 50.Qf8+ Kg5 51.Bd1 Qb4+ 52.Ka2 Qf4 
53.Qe7+ Kh6 54.Qe6 Rh4 0-1

[Event "19th Hoogeveen op"]
[Site "Hoogeveen NED"]
[Date "2015.10.22"]
[Round "7.23"]
[White "Paulet, Iozefina"]
[Black "Gieben, Stijn"]
[Result "0-1"]
[WhiteElo "2184"]
[BlackElo "1955"]
[EventDate "2015.10.17"]
[PlyCount "80"]

1.e4 c5 2.Nc3 Nc6 3.Bb5 Nd4 4.Bc4 e6 5.Nge2 Nf6 6.O-O d6 7.a4 d5 8.exd5 
exd5 9.Ba2 Be7 10.d3 O-O 11.Nxd4 cxd4 12.Ne2 Qb6 13.h3 h6 14.Bb3 a5 15.Bf4
Bc5 16.Be5 Nd7 17.Bg3 Nf6 18.Nf4 Be6 19.Qf3 Qc6 20.Ne2 Nd7 21.Bf4 g5 22.
Qg3 Kh7 23.Bxg5 Rg8 24.f4 f6 25.h4 Raf8 26.Qf3 fxg5 27.hxg5 Ne5 28.Qh5 Bg4
29.g6+ Qxg6 30.Qxe5 Rf5 31.Qc7+ Rg7 32.Qxc5 Bxe2 33.Rf2 Bf3 34.Kf1 Bxg2+ 
35.Ke1 Qf6 36.Re2 Qh4+ 37.Kd1 Qxf4 38.Ke1 Qg3+ 39.Kd2 Qg5+ 40.Kd1 Rf1+ 0-1

[Event "19th Hoogeveen op"]
[Site "Hoogeveen NED"]
[Date "2015.10.22"]
[Round "7.24"]
[White "Sparenberg, Erik"]
[Black "Schoehuys, Erik"]
[Result "0-1"]
[WhiteElo "2088"]
[BlackElo "2182"]
[EventDate "2015.10.17"]
[PlyCount "118"]

1.e4 e5 2.Nf3 Nc6 3.Bb5 Nf6 4.d3 Bc5 5.O-O d6 6.c3 O-O 7.h3 h6 8.Re1 Bd7 
9.Nbd2 a6 10.Ba4 b5 11.Bc2 Bb6 12.Nf1 Ne7 13.Ng3 Ng6 14.d4 Re8 15.b3 a5 
16.Bb2 Qc8 17.Qd2 Qb7 18.Rad1 Bc6 19.d5 Bd7 20.Bd3 Nf4 21.Bf1 Bc5 22.a3 
Qa7 23.b4 Bb6 24.Ra1 Qb8 25.Qc2 Qd8 26.Ne2 Nxe2+ 27.Bxe2 Nh5 28.c4 bxc4 
29.Nxe5 Bxf2+ 30.Kxf2 Qh4+ 31.Kg1 dxe5 32.Bxh5 Qxh5 33.Qxc4 Rab8 34.Re3 
Qg5 35.Rf3 Rb7 36.Bc1 Qg6 37.Be3 Ra8 38.Bc5 axb4 39.Bxb4 Bb5 40.Qc2 Bd3 
41.Rxd3 Rxb4 42.Re3 Qb6 43.Qc3 Rxe4 44.Re1 f5 45.Kh2 Rxe3 46.Rxe3 e4 47.
Rg3 g6 48.Qe5 Rd8 49.a4 Qd6 50.Qc3 f4 51.Rg4 e3 52.Qd3 Kh7 53.h4 h5 54.Rg5
Kh6 55.Qd4 Re8 56.g4 f3+ 57.Kh3 f2 58.Kg2 f1=Q+ 59.Kxf1 e2+ 0-1

[Event "19th Hoogeveen op"]
[Site "Hoogeveen NED"]
[Date "2015.10.22"]
[Round "7.25"]
[White "Van der Marel, Bert"]
[Black "Halfhide, Sebastian"]
[Result "0-1"]
[WhiteElo "2212"]
[BlackElo "2102"]
[EventDate "2015.10.17"]
[PlyCount "90"]

1.b3 e5 2.Bb2 d6 3.g3 Nf6 4.Bg2 Be7 5.d3 O-O 6.Nf3 Re8 7.O-O Bf8 8.Nbd2 
Nc6 9.e4 g6 10.h3 Bg7 11.Nc4 b5 12.Ne3 Bb7 13.Nh4 Nd4 14.f4 exf4 15.Bxd4 
fxe3 16.Qf3 Re6 17.Rae1 Qe7 18.Bxe3 d5 19.exd5 Re8 20.dxe6 Bxf3 21.exf7+ 
Qxf7 22.Nxf3 Qd7 23.Kh2 Nh5 24.Ng5 Be5 25.Ne4 c6 26.Bg5 Qc7 27.Rf3 Bxg3+ 
28.Nxg3 Rxe1 29.Bh6 Re8 30.h4 Qd6 31.Kh3 Qe6+ 32.Kh2 Qe5 33.Kh3 Qe6+ 34.
Kh2 Qe5 35.Kh3 Nxg3 36.Rxg3 Qc5 37.c4 Qf5+ 38.Kh2 Re2 39.Kh1 Re1+ 40.Kh2 
Re2 41.Kh1 Qf6 42.Bg5 Qf2 43.Kh2 Kg7 44.h5 h6 45.Bd8 Qf4 0-1

[Event "19th Hoogeveen op"]
[Site "Hoogeveen NED"]
[Date "2015.10.22"]
[Round "7.26"]
[White "Heemskerk, Wim"]
[Black "Van der Veen, Jan"]
[Result "1/2-1/2"]
[WhiteElo "2181"]
[BlackElo "2070"]
[EventDate "2015.10.17"]
[PlyCount "85"]

1.d4 Nf6 2.Nf3 g6 3.g3 Bg7 4.Bg2 O-O 5.O-O d6 6.a4 Nbd7 7.a5 a6 8.Nc3 e5 
9.dxe5 dxe5 10.h3 Re8 11.Be3 Qe7 12.Qc1 Nc5 13.Kh2 Bd7 14.Nd2 Rab8 15.Nc4 
e4 16.Bg5 Qe6 17.Ne3 Bc6 18.b4 Ncd7 19.Ra3 h6 20.Bf4 Rbc8 21.g4 h5 22.g5 
Nh7 23.Rd1 Nxg5 24.Ned5 Be5 25.h4 Nh7 26.Bh3 f5 27.f3 exf3 28.exf3 Nhf6 
29.Nxf6+ Qxf6 30.Nd5 Qxh4 31.Bxe5 Rxe5 32.Nf4 Qf2+ 33.Bg2 Qh4+ 34.Kg1 Rce8
35.Kf1 Bb5+ 36.c4 Nf8 37.cxb5 axb5 38.Ra2 c6 39.Nd3 Re3 40.Rf2 Qg3 41.a6 
bxa6 42.Qxc6 h4 43.Qd5+ 1/2-1/2

[Event "19th Hoogeveen op"]
[Site "Hoogeveen NED"]
[Date "2015.10.22"]
[Round "7.27"]
[White "Losekoot, Pascal"]
[Black "Hortensius, Lisa"]
[Result "1/2-1/2"]
[WhiteElo "2126"]
[BlackElo "2154"]
[EventDate "2015.10.17"]
[PlyCount "99"]

1.d4 d5 2.c4 e6 3.Nc3 Be7 4.Nf3 Nf6 5.Bf4 O-O 6.e3 c6 7.c5 Nbd7 8.Bd3 Re8 
9.h3 Bxc5 10.dxc5 e5 11.Nxe5 Nxe5 12.O-O Qa5 13.Bxe5 Rxe5 14.Na4 Qb4 15.b3
Qh4 16.Qf3 Nh5 17.Rfd1 g5 18.g4 Ng7 19.Bf1 f5 20.Rd4 fxg4 21.hxg4 Bd7 22.
Qh3 Qxh3 23.Bxh3 Rae8 24.Kh2 Re4 25.Rad1 Kf7 26.b4 Kf6 27.Nc3 Rxd4 28.Rxd4
Ne6 29.Rd2 Nf8 30.Kg3 Re7 31.Bf1 Ng6 32.Be2 h6 33.a4 a6 34.b5 axb5 35.axb5
Ke5 36.Rd4 Rf7 37.Ra4 cxb5 38.Bxb5 Bxb5 39.Nxb5 Nf8 40.f4+ gxf4+ 41.exf4+ 
Kf6 42.Rd4 Rd7 43.f5 Ke5 44.Kh4 Nh7 45.Rd1 Nf6 46.Re1+ Kf4 47.Rf1+ Ke5 48.
Re1+ Kf4 49.Rf1+ Ke5 50.Re1+ 1/2-1/2

[Event "19th Hoogeveen op"]
[Site "Hoogeveen NED"]
[Date "2015.10.22"]
[Round "7.28"]
[White "Mijnheer, Peter"]
[Black "Hendriks, Richard V"]
[Result "1/2-1/2"]
[WhiteElo "2154"]
[BlackElo "2107"]
[EventDate "2015.10.17"]
[PlyCount "67"]

1.e4 e5 2.Nc3 Nc6 3.Nf3 g6 4.d4 exd4 5.Nxd4 Bg7 6.Be3 Nf6 7.Nxc6 bxc6 8.e5
Ng8 9.Qe2 Qe7 10.Bd4 Nh6 11.Ne4 Nf5 12.Bc3 O-O 13.Nf6+ Bxf6 14.exf6 Qxe2+ 
15.Bxe2 Re8 16.Kd2 Nd6 17.Bd3 Ne4+ 18.Bxe4 Rxe4 19.Rae1 Re6 20.Rxe6 fxe6 
21.h4 Kf7 22.f4 h5 23.Rh3 Bb7 24.Rg3 c5 25.Rg5 Bd5 26.a3 Rb8 27.b3 d6 28.
Kd3 Rg8 29.Ba5 Rc8 30.c4 Bc6 31.Bc3 Rd8 32.Kc2 Be4+ 33.Kb2 Bf5 34.Rg3 
1/2-1/2

[Event "19th Hoogeveen op"]
[Site "Hoogeveen NED"]
[Date "2015.10.22"]
[Round "7.29"]
[White "Henseler, Jorgen"]
[Black "Klapwijk, Bram"]
[Result "0-1"]
[WhiteElo "2069"]
[BlackElo "2151"]
[EventDate "2015.10.17"]
[PlyCount "66"]

1.c4 Nf6 2.Nc3 d5 3.cxd5 Nxd5 4.g3 g6 5.Bg2 Nxc3 6.bxc3 Bg7 7.Nf3 O-O 8.
O-O c5 9.Rb1 Nc6 10.Qa4 Qc7 11.d4 Bd7 12.Bf4 e5 13.dxe5 Qa5 14.Qxa5 Nxa5 
15.Nd2 b6 16.Bxa8 Rxa8 17.Rbd1 Bh3 18.Rfe1 Nc6 19.Nf3 h6 20.Rd6 Rc8 21.
Red1 g5 22.Be3 Be6 23.a3 g4 24.Nh4 Bxe5 25.Bxh6 Bxd6 26.Rxd6 Ne5 27.Bc1 
Bc4 28.Nf5 Re8 29.e3 Kf8 30.Kg2 Bd3 31.Rf6 Nd7 32.Rxf7+ Kxf7 33.Nd6+ Ke7 
0-1

[Event "19th Hoogeveen op"]
[Site "Hoogeveen NED"]
[Date "2015.10.22"]
[Round "7.30"]
[White "Boer, Alef"]
[Black "Kokje, Joris"]
[Result "1/2-1/2"]
[WhiteElo "2151"]
[BlackElo "1983"]
[EventDate "2015.10.17"]
[PlyCount "44"]

1.c4 f5 2.g3 Nf6 3.Bg2 e6 4.Nf3 Be7 5.O-O O-O 6.d3 d6 7.Nc3 Nc6 8.e4 e5 9.
h3 Qe8 10.Nd5 fxe4 11.dxe4 Bd8 12.Ne1 Nd4 13.Be3 c5 14.Rb1 a5 15.b3 Qg6 
16.Bxd4 cxd4 17.Qe2 Bd7 18.Nd3 Rc8 19.Rbc1 Qh6 20.Kh2 Ng4+ 21.Kg1 Nf6 22.
Kh2 Ng4+ 1/2-1/2

[Event "19th Hoogeveen op"]
[Site "Hoogeveen NED"]
[Date "2015.10.22"]
[Round "7.31"]
[White "Bekedam, Tyro"]
[Black "Poghosyan, Tigran"]
[Result "1-0"]
[WhiteElo "1981"]
[BlackElo "2182"]
[EventDate "2015.10.17"]
[PlyCount "117"]

1.e4 c5 2.Nf3 d6 3.d4 cxd4 4.Nxd4 Nf6 5.Nc3 a6 6.f3 e5 7.Nb3 Be6 8.Be3 Be7
9.Qd2 O-O 10.O-O-O Qc7 11.g4 Rc8 12.g5 Nh5 13.Kb1 Nd7 14.Ne2 g6 15.Ng3 Nf4
16.h4 a5 17.Bxf4 exf4 18.Ne2 Ne5 19.Nxf4 Nc4 20.Bxc4 Qxc4 21.Nxe6 Qxe6 22.
h5 Rc7 23.hxg6 fxg6 24.Qe3 Qc4 25.Rh2 a4 26.Nd4 a3 27.b3 Qc3 28.Qxc3 Rxc3 
29.f4 Rf8 30.Ne6 Rf7 31.Rd3 Rc6 32.Rhh3 Rc8 33.Rhf3 Re8 34.c4 Bf6 35.Rxd6 
Be5 36.Rb6 Bc7 37.Nxc7 Rxc7 38.e5 Rd7 39.Rd6 Rf7 40.e6 Rf5 41.b4 Ref8 42.
Rxa3 Rxf4 43.e7 Rf1+ 44.Kc2 R1f2+ 45.Rd2 Rxd2+ 46.Kxd2 Re8 47.Re3 Kg7 48.
c5 h6 49.gxh6+ Kxh6 50.a4 Kg7 51.b5 Kf7 52.a5 g5 53.a6 bxa6 54.bxa6 g4 55.
Ke2 g3 56.Kf3 g2 57.Kxg2 Rg8+ 58.Kf2 Re8 59.a7 1-0

[Event "19th Hoogeveen op"]
[Site "Hoogeveen NED"]
[Date "2015.10.22"]
[Round "7.32"]
[White "Brantjes, Yme"]
[Black "Van Dorp, Folke"]
[Result "0-1"]
[WhiteElo "1962"]
[BlackElo "2168"]
[EventDate "2015.10.17"]
[PlyCount "132"]

1.e4 c5 2.Nf3 e6 3.d4 cxd4 4.Nxd4 Nf6 5.Nc3 Nc6 6.Nxc6 bxc6 7.e5 Nd5 8.Ne4
Qa5+ 9.Bd2 Qc7 10.f4 f5 11.Nf2 Qb6 12.Qc1 Bc5 13.Nd3 Be3 14.c4 Bxd2+ 15.
Qxd2 Ne3 16.c5 Nxf1 17.Rxf1 Qb5 18.b3 a5 19.Rc1 Ba6 20.Rf3 O-O 21.Nb2 Qb4 
22.Rcc3 Bb5 23.Rg3 Qe4+ 24.Kf2 Rfb8 25.Nc4 Qd5 26.Qe3 Bxc4 27.Rxc4 Rb4 28.
Qc3 Rxc4 29.Qxc4 Qd2+ 30.Kf1 Qxa2 31.Qd4 Qb1+ 32.Kf2 Qc2+ 33.Kf1 Qc1+ 34.
Ke2 Qc2+ 35.Kf1 Qe4 36.Qxe4 fxe4 37.Rc3 Rb8 38.Ke2 h5 39.Kd2 Kf7 40.g3 Kg6
41.Re3 Kf5 42.Kc3 Rb5 43.Kc4 Rb4+ 44.Kc3 g5 45.fxg5 Kxg5 46.Re1 Kf5 47.Rd1
Kxe5 48.Rxd7 Rb5 49.Rg7 Rxc5+ 50.Kd2 Kd4 51.g4 hxg4 52.Rxg4 Rf5 53.h4 Rf2+
54.Ke1 Rh2 55.Rg6 Rxh4 56.Rxe6 Ke3 57.Kd1 Rh1+ 58.Kc2 Rh2+ 59.Kc3 Rh1 60.
Kc2 c5 61.Rc6 Rh5 62.Ra6 Kf2 63.Rxa5 e3 64.Ra8 Rf5 65.Kd3 e2 66.Ra2 Re5 
0-1

[Event "19th Hoogeveen op"]
[Site "Hoogeveen NED"]
[Date "2015.10.22"]
[Round "7.33"]
[White "Kossen, Johannes"]
[Black "Hilwerda, Jonas"]
[Result "0-1"]
[WhiteElo "2029"]
[BlackElo "1954"]
[EventDate "2015.10.17"]
[PlyCount "56"]

1.d4 d5 2.c4 e6 3.Nf3 Nf6 4.g3 dxc4 5.Bg2 Bb4+ 6.Nc3 c5 7.O-O Nc6 8.dxc5 
Qxd1 9.Rxd1 Bxc5 10.Nb5 Ke7 11.Bf4 Nd5 12.Nc7 Nxc7 13.Bxc7 Bd7 14.Rac1 
Rac8 15.Rxc4 Bxf2+ 16.Kxf2 Rxc7 17.b4 Rhc8 18.b5 Na5 19.Rxc7 Rxc7 20.a4 f6
21.Nd2 Rc2 22.Ne4 Rc4 23.Rd3 b6 24.Nc3 Bc8 25.Re3 Bb7 26.Bxb7 Nxb7 27.Nd5+
Kf7 28.Rc3 exd5 0-1